Principios y técnicas de la supervisión escolar /

Algunos de los temas mencionados por el autor en esta obra son: la supervisión técnica como función específica del inspector general, reglamento de funciones de los inspectores, instructivo que regula las funciones de los directores de la educación federal, entre otros.

Guardado en:
Bibliografiske detaljer
Hovedforfatter: García Ruiz, Ramón (autor)
Format: Bog
Sprog:spansk
Udgivet: México : Secretaría de Educación Pública, 1963, c1963
Serier:(Biblioteca Pedagógica de Perfeccionamiento Profesional ; 7)
Fag:
Tags: Tilføj Tag
Ingen Tags, Vær først til at tagge denne postø!

MARC

LEADER 00000nam^a2200000^a^4500
001 000124046
005 20250521000000.0
009 20260310094600.07
037 |a Acervo ITESO - Biblioteca 
041 |a ESP 
082 |a 379. 15  |b GAR 
100 |a García Ruiz, Ramón  |e (autor) 
245 1 0 |a Principios y técnicas de la supervisión escolar /  |c R. García Ruiz. 
264 4 |a México :  |b Secretaría de Educación Pública,  |c 1963, c1963 
300 |a 181 p. 
336 |a texto  |b txt  |2 rdacontenido 
337 |a sin mediación  |b n  |2 rdamedio 
338 |a volumen  |b nc  |2 rdasoporte 
440 1 |a (Biblioteca Pedagógica de Perfeccionamiento Profesional ;  |v 7) 
520 |a Algunos de los temas mencionados por el autor en esta obra son: la supervisión técnica como función específica del inspector general, reglamento de funciones de los inspectores, instructivo que regula las funciones de los directores de la educación federal, entre otros. 
545 0 |a Ramón García Ruiz (27 de agosto de 1908 - 2 de febrero de 1995), educador, político, ensayista y poeta jalisciense nacido en Guadalajara. El 8 de abril de 2010 los diputados de la Comisión de cultura presentaron un proyecto para que se analizara su vida con el fin de evaluar la posibilidad de ser declarado Benemérito Ilustre del Estado de Jalisco y en consecuencia trasladar sus restos a la Rotonda de los Jaliscienses Ilustres. Sus escritos son principalmente de carácter pedagógico, biográfico, histórico y poético. Entre sus obras no literarias se encuentran Breve historia de la educación en Jalisco, Principios y técnicas de la supervisión escolar, Don Manuel López Cotilla: educador benemérito de Jalisco, Don Vasco de Quiroga: precursor de la organización y el desarrollo de la comunidad, entre otros. Sus poemas son Los años pasan…, Pebetero y Mar de contrastes. 
649 |a XX 
650 |a Supervisión Escolar 
650 |a Administración Educativa 
650 |a Educación Pública -  |z México 
650 |a Educación 
910 |a Fondo Salvador Reynoso Reynoso 
920 |a Impresos - Libros 
930 |a Fondos Especiales 
905 |a 112 
901 |a 0800007425  |b IT2  |c ESP  |u 20250521 
902 |a https://opac.biblio.iteso.mx/vufind/Record/000124046